00941cam a2200229 a 450000100100000000500170001000800410002702000150006804000250008308200170010810000360012524500960016126000350025730000210029249000170031350400470033065000300037760000600040795201140046795201150058199900150069600000886120200929161427.0900301s1989 fr b 001 0 fre  a2876790408 aDO-SdBNPbspacBNPHU a860.4bM843c1 aMoreno, Fernando,d1948-92341510aCarlos Fuentes :bLa mort d'Artemio Cruz : entre le mythe et l'histoire /cFernando Moreno. aParis :bCaribéennes,c1989. a152 p. ;c21 cm.1 aTropismesv1 aReferencias bibliográficas p. 145-[149]. 4aLiteratura mexicana9192214aFUENTES, CARLOS,d1928-tMuerte de Artemio Cruz.923416 001050718MOaGRbGRcHDd2009-09-19iLF1l0o860.4 M843cp8861-10r2020-06-25w2020-06-25y1ZNo se presta 0010507-18MOaGRbGRcOId2017-05-29iLF1l0o860.4 M843cp8861-20r2020-06-25w2020-06-25y1ZNo se presta c8630d8630